Zmluva o obstaraní zájazdu diplomová práca

Enregistré dans:
Détails bibliographiques
Auteur principal: Mikláš, Maroš
Collectivité auteur: Obchodná fakulta EU. Katedra obchodného práva
Autres auteurs: Slezáková, Andrea, 1980-
Format: Livre
Langue:slovaque
Publié: Bratislava 2018
Tags: Ajouter un tag
Pas de tags, Soyez le premier à ajouter un tag!

MARC

LEADER 00000nbm a2200000 4500
001 0243421
005 20180730095034.8
041 0 |a slo 
044 |a SK 
245 1 0 |a Zmluva o obstaraní zájazdu  |b diplomová práca  |c Maroš Mikláš ; školiteľ: Andrea Slezáková 
264 1 |a Bratislava  |c 2018 
300 |a 76 s. 
100 1 |a Mikláš, Maroš 
700 1 |a Slezáková, Andrea, 1980- 
710 2 |a Obchodná fakulta EU. Katedra obchodného práva